The Brooklyn Museum Japanese Ceramics (Record no. 330)
[ view plain ]
| 000 -CABECERA | |
|---|---|
| campo de control de longitud fija | 00664nam a2200193 a 4500 |
| 001 - NÚMERO DE CONTROL | |
| campo de control | BRCA_395 |
| 005 - FECHA Y HORA DE LA ÚLTIMA TRANSACCIÓN | |
| campo de control | 20190320203006.0 |
| 008 - DATOS DE LONGITUD FIJA--INFORMACIÓN GENERAL | |
| campo de control de longitud fija | 790307s1979 nyua---##c---#000-0#eng-# |
| 020 ## - NÚMERO INTERNACIONAL ESTÁNDAR DEL LIBRO | |
| Número Internacional Estándar del Libro | 0872730735 |
| 040 ## - FUENTE DE LA CATALOGACIÓN | |
| Centro catalogador/agencia de origen | DLC |
| Centro/agencia transcriptor | DLC |
| Centro/agencia modificador | DLC |
| 050 #4 - SIGNATURA TOPOGRÁFICA DE LA BIBLIOTECA DEL CONGRESO | |
| Número de clasificación | NK4167 |
| Número de documento/Ítem | .B85 1979 |
| 245 10 - MENCIÓN DE TÍTULO | |
| Título | The Brooklyn Museum Japanese Ceramics |
| Mención de responsabilidad, etc. | by Robert Moes. |
| 260 ## - PUBLICACIÓN, DISTRIBUCIÓN, ETC. | |
| Lugar de publicación, distribución, etc. | Nueva York |
| Nombre del editor, distribuidor, etc. | The Brooklyn Museum |
| Fecha de publicación, distribución, etc. | c1979 |
| 300 ## - DESCRIPCIÓN FÍSICA | |
| Extensión | 72 p. |
| Otras características físicas | il. |
| Dimensiones | 26 cm. |
| 500 ## - NOTA GENERAL | |
| Nota general | Catálogo de la exposición realizada en el Brooklyn Museum Collection, 25 abril - 10 junio, 1979 |
| 650 14 - PUNTO DE ACCESO ADICIONAL DE MATERIA--TÉRMINO DE MATERIA | |
| Término de materia o nombre geográfico como elemento de entrada | Cerámica japonesa |
| Subdivisión de forma | Exposiciones |
| Subdivisión general | Historia |
| Subdivisión geográfica | 552 a.c. - Siglo XX |
| 9 (RLIN) | 1339 |
| 700 1# - PUNTO DE ACCESO ADICIONAL--NOMBRE DE PERSONA | |
| Nombre de persona | Moes, Robert |
| 9 (RLIN) | 1340 |
| 942 ## - ELEMENTOS DE PUNTO DE ACCESO ADICIONAL (KOHA) | |
| Fuente del sistema de clasificación o colocación | Library of Congress Classification |
| Tipo de ítem Koha | Libros |
| Estado de retiro | Estado de pérdida | Estado dañado | No para préstamo | Localización permanente | Ubicación/localización actual | Fecha de adquisición | Total de préstamos | Signatura topográfica completa | Código de barras | Fecha visto por última vez | Precio válido a partir de | Tipo de ítem Koha |
|---|---|---|---|---|---|---|---|---|---|---|---|---|
| El ejemplar forma parte de la colección y puede ser consultado según las políticas vigentes. | Biblioteca del Museo Franz Mayer (Rogerio Casas-Alatriste) | Biblioteca del Museo Franz Mayer (Rogerio Casas-Alatriste) | 25/06/2008 | NK4167 .B85 1979 | 00695 | 22/03/2019 | 22/03/2019 | Libros |